Database systems Design, implementation, and management

TI150

保存先:
書誌詳細
第一著者: Rob, Peter
その他の著者: Coronel, Carlos
フォーマット: 図書
言語:Undetermined
出版事項: Boston, Massachusetts Thomson/Coursetechnology 2007
主題:
オンライン・アクセス:http://lrc.tdmu.edu.vn/opac/search/detail.asp?aID=2&ID=7252
タグ: タグ追加
タグなし, このレコードへの初めてのタグを付けませんか!
Thư viện lưu trữ: Trung tâm Học liệu Trường Đại học Thủ Dầu Một
LEADER 00792nam a2200229Ia 4500
001 TDMU_7252
008 210410s9999 xx 000 0 und d
082 |a 004.2 
090 |b R418 
100 |a Rob, Peter 
245 0 |a Database systems 
245 0 |b Design, implementation, and management 
245 0 |c Peter Rob, Carlos Coronel 
260 |a Boston, Massachusetts 
260 |b Thomson/Coursetechnology 
260 |c 2007 
300 |a xxvii, 668p. 
520 |a TI150 
650 |a Database design; Database management; Thiết kế cơ sở dữ liệu; Quản trị cơ sở dữ liệu 
700 |a Coronel, Carlos 
856 |u http://lrc.tdmu.edu.vn/opac/search/detail.asp?aID=2&ID=7252 
980 |a Trung tâm Học liệu Trường Đại học Thủ Dầu Một